[Event "GER-chT U16"]
[Site "Uelzen"]
[Date "2007.12.29"]
[Round "6.4"]
[White "Meiser, Michael"]
[Black "Von Kuegelgen, Julius"]
[Result "1-0"]
[WhiteElo "1451"]
[BlackElo "1532"]
[PlyCount "87"]
[EventDate "2007.12.27"]
[EventType "team-swiss"]
[EventRounds "7"]
[EventCountry "GER"]
[SourceTitle "EXT 2022"]
[Source "ChessBase"]
[SourceDate "2021.10.06"]
[SourceVersion "1"]
[SourceVersionDate "2021.10.06"]
[SourceQuality "1"]
[WhiteTeam "Heusweiler SC Reti U16"]
[BlackTeam "Eppendorf Johanneum U16"]
[WhiteTeamCountry "GER"]
[BlackTeamCountry "GER"]

1. e4 c5 2. Nf3 d6 3. c3 Nf6 4. Be2 Nc6 5. d4 Bg4 6. d5 Bxf3 7. Bxf3 Ne5 8. 0-0 g6 9. Be2 Bg7 10. Qa4+ Ned7 11. Bf4 0-0 12. Nd2 a6 13. Qc2 b5 14. Nf3 Qc7 15. Rad1 Rfb8 16. Rfe1 Ng4 17. Qd2 Nge5 18. Nxe5 Nxe5 19. Bg3 a5 20. f4 Nd7 21. Bg4 Rd8 22. Bxd7 Qxd7 23. e5 f5 24. Bh4 Re8 25. Re2 Kf8 26. h3 Rad8 27. e6 Qb7 28. g4 b4 29. c4 b3 30. a3 Qa7 31. gxf5 gxf5 32. Qd3 Kg8 33. Qxf5 Kh8 34. Rg2 Rg8 35. Kh1 Rdf8 36. Qe4 Qc7 37. Rf1 Qd8 38. Qe1 a4 39. Bg5 Bf6 40. Rfg1 Bxg5 41. fxg5 Rf3 42. Qh4 Qf8 43. g6 h6 44. g7+ 1-0

[Event "GER-chT U16"]
[Site "Uelzen"]
[Date "2007.12.29"]
[Round "5.4"]
[White "Von Kuegelgen, Julius"]
[Black "Ryvkin, Leonid"]
[Result "0-1"]
[WhiteElo "1532"]
[BlackElo "1231"]
[PlyCount "114"]
[EventDate "2007.12.27"]
[EventType "team-swiss"]
[EventRounds "7"]
[EventCountry "GER"]
[SourceTitle "EXT 2022"]
[Source "ChessBase"]
[SourceDate "2021.10.06"]
[SourceVersion "1"]
[SourceVersionDate "2021.10.06"]
[SourceQuality "1"]
[WhiteTeam "Eppendorf Johanneum U16"]
[BlackTeam "Bochum SG U16"]
[WhiteTeamCountry "GER"]
[BlackTeamCountry "GER"]

1. e4 Nf6 2. e5 Nd5 3. d4 d6 4. Bc4 Nb6 5. Bb3 dxe5 6. Qh5 e6 7. dxe5 c5 8. Nd2 Nc6 9. Ngf3 g6 10. Qg4 Bg7 11. Ne4 Nxe5 12. Nxe5 Bxe5 13. Bg5 f5 14. Bxd8 fxg4 15. Bf6 Bxf6 16. Nxf6+ Ke7 17. Nxg4 c4 18. 0-0-0 cxb3 19. axb3 Bd7 20. Rhe1 Rad8 21. Ne5 Bc6 22. f3 Rxd1+ 23. Rxd1 Rd8 24. Re1 Nd5 25. Nd3 Nc7 26. Ne5 Rd5 27. Re2 Ra5 28. Kb1 Ne8 29. Re1 Nf6 30. Re2 Nd7 31. Nd3 Kf6 32. c3 Rh5 33. h3 Rd5 34. Kc2 Ne5 35. Nf2 Rd8 36. f4 Nf7 37. Nd3 Rd5 38. Nb4 Rf5 39. Nd3 e5 40. g4 Rxf4 41. Nxf4 exf4 42. Kd2 f3 43. Re3 Ng5 44. h4 Nh3 45. Ke1 Nf4 46. Kf2 Ng2 47. Rd3 Nxh4 48. Rd1 Kg5 49. Kg3 Ng2 50. Rh1 h5 51. gxh5 gxh5 52. Rd1 h4+ 53. Kf2 Kf4 54. Rd4+ Be4 55. Rd8 Ne3 56. Rf8+ Bf5 57. Rh8 Nd1+ 0-1